[Event "Lansing (MI Op/1a/12)"]
[Site "?"]
[Date "1996.??.??"]
[Round "?"]
[White "June, Brian"]
[Black "Haluska, James"]
[Result "0-1"]
[WhiteElo "1835"]
[BlackElo "2110"]
[PlyCount "116"]
[EventDate "1996.??.??"]

1. d4 Nf6 2. Nf3 g6 3. Bf4 Bg7 4. e3 O-O 5. c4 c5 6. Nc3 cxd4 7. exd4 d5 8. Be2
Nc6 9. O-O dxc4 10. Bxc4 Na5 11. Be2 Be6 12. Nb5 Nd5 13. Qd2 Qb6 14. Be5 Rac8
15. Rac1 a6 16. Na3 Qb4 17. Rxc8 Rxc8 18. Rc1 Qxd2 19. Rxc8+ Bxc8 20. Nxd2 Nb4
21. Nac4 Nac6 22. a3 Nd5 23. Bf3 Be6 24. Bxd5 Bxd5 25. Bxg7 Kxg7 26. Ne3 Ba2
27. d5 Nd4 28. Kf1 Nb5 29. Ke2 Nc7 30. b3 Nb5 31. Kd3 Nxa3 32. Kc3 Nb1+ 33.
Nxb1 Bxb1 34. f3 g5 35. Kd4 b5 36. Kc5 Kf6 37. Kb6 Ke5 38. Kxa6 Bd3 39. b4 Kd4
40. Nd1 Kxd5 41. Kb6 Kd4 42. Kc6 Bf1 43. g3 Be2 44. Nf2 Kc4 45. f4 gxf4 46.
gxf4 Kxb4 47. Kd7 e6 48. Ne4 Bd3 49. Nd6 Kc3 50. Nxb5+ Bxb5+ 51. Ke7 Kd4 52.
Kxf7 Kd5 53. h4 Bd3 54. h5 Bf5 55. Kf6 Ke4 56. Kg5 Kf3 57. h6 Kg3 58. Kf6 Kxf4
0-1

[Event "Lansing (MI Op/7/22)"]
[Site "?"]
[Date "1996.??.??"]
[Round "?"]
[White "June, Brian"]
[Black "Burch, Daniel"]
[Result "1/2-1/2"]
[WhiteElo "1835"]
[BlackElo "1735"]
[PlyCount "95"]
[EventDate "1996.??.??"]

{7/(22)} 1. d4 d5 2. Nf3 Nf6 3. Bf4 e6 4. e3 Bd7 5. Bd3 c5 6. c3 c4 7. Be2 Nc6
8. Nbd2 Be7 9. h3 b5 10. O-O a5 11. Qc2 Bc8 12. e4 h6 13. e5 Nh7 14. Nh2 Bd7
15. Be3 Rb8 16. Bg4 a4 17. f4 b4 18. f5 b3 19. axb3 axb3 20. Qb1 Ra8 21. fxe6
Bxe6 22. Bxe6 fxe6 23. Qg6+ Kd7 24. Qxg7 Ng5 25. Ng4 Rxa1 26. Rxa1 Kc8 27. Ra8+
Nb8 28. Ra7 Nc6 29. Bxg5 Nxa7 30. Bxe7 Qg8 31. Qxg8+ Rxg8 32. Nxh6 Rg7 33. Bf6
Rh7 34. Ng4 Nb5 35. Kf2 Ra7 36. Ne3 Ra2 37. Nd1 Nxc3 38. Nxc3 Rxb2 39. Ke3 Rc2
40. Ndb1 Rxg2 41. Kf3 Rg1 42. Bh4 Kd7 43. Bg3 Ke8 44. Bf4 Kf7 45. h4 Kg6 46.
Bg5 Kf5 47. Kf2 Rg4 48. Ke3 1/2-1/2

[Event "Eastpointe (EDO/5/22)"]
[Site "?"]
[Date "1996.??.??"]
[Round "?"]
[White "Juergensen, F."]
[Black "White, A."]
[Result "1-0"]
[WhiteElo "1605"]
[BlackElo "1605"]
[PlyCount "58"]
[EventDate "1996.??.??"]

{5/(22)} 1. d4 f5 2. c3 Nf6 3. Bg5 d6 4. Nd2 Be6 5. e3 Nbd7 6. Bxf6 Nxf6 7. Nh3
Bf7 8. c4 h6 9. g3 g5 10. Bd3 Qd7 11. Qb3 c6 12. f4 g4 13. Nf2 d5 14. c5 Bg7
15. O-O-O O-O 16. h3 h5 17. hxg4 fxg4 18. Rh2 Rab8 19. Rdh1 Qe6 20. Nf1 a5 21.
Qc2 b6 22. f5 Qd7 23. e4 b5 24. e5 Ne8 25. e6 Bxe6 26. fxe6 Qxe6 27. Nd2 a4 28.
Nd1 Qd7 29. Rxh5 b4 {[Remainder illegible; 1-0, 69?]} 1-0

[Event "Eastpointe (EDO/2/18)"]
[Site "?"]
[Date "1996.??.??"]
[Round "?"]
[White "Juergensen, F."]
[Black "Iyer, Krishnan"]
[Result "0-1"]
[WhiteElo "1605"]
[BlackElo "1605"]
[PlyCount "54"]
[EventDate "1996.??.??"]

{2/(18)} 1. d4 Nf6 2. g3 d5 3. c4 e6 4. Bf4 Bd6 5. Bxd6 cxd6 6. e3 O-O 7. Bg2
Qa5+ 8. Qd2 Qxd2+ 9. Nxd2 Bd7 10. cxd5 exd5 11. Rc1 Nc6 12. Ne2 Nb4 13. O-O
Nxa2 14. Rc7 Bc6 15. Nb3 Rfc8 16. Re7 Kf8 17. Rxf7+ Kxf7 18. Nf4 Nb4 19. Bh3
Bd7 20. g4 Bxg4 21. Bg2 g5 22. Nh3 Bxh3 23. Bxh3 g4 24. Bg2 Ke7 25. Nd2 Nd3 26.
Rb1 Rc1+ 27. Rxc1 Nxc1 0-1

[Event "Flint (MI Jr/4/13)"]
[Site "?"]
[Date "1996.??.??"]
[Round "?"]
[White "Joyce, R."]
[Black "Farraj, R."]
[Result "1/2-1/2"]
[WhiteElo "1605"]
[BlackElo "1605"]
[PlyCount "79"]
[EventDate "1996.??.??"]

{4/(13)} 1. e4 c6 2. d4 d5 3. Nc3 dxe4 4. Nxe4 Bf5 5. Ng3 Bg6 6. Nf3 e6 7. h4
h6 8. c3 c5 9. Ne5 Ne7 10. Qf3 Nbc6 11. Bb5 cxd4 12. h5 Bf5 13. Nxf5 exf5 14.
Nxc6 Nxc6 15. O-O Rc8 16. cxd4 a6 17. Bxc6+ bxc6 18. Qxf5 Be7 19. Re1 O-O 20.
Qg4 Bf6 21. Bxh6 Qxd4 22. Qxd4 Bxd4 23. Bc1 Rfe8 24. Rd1 Rcd8 25. Kf1 Bf6 26.
Rxd8 Rxd8 27. Rb1 Rd5 28. g4 Rd1+ 29. Ke2 Rg1 30. b4 Bg5 31. Rb3 Rxc1 32. Ra3
Rc4 33. Rxa6 Rxb4 34. Rxc6 Rxg4 35. Kf3 Rf4+ 36. Kg3 f5 37. Rg6 Rg4+ 38. Kf3
Rf4+ 39. Kg3 Rg4+ 40. Kf3 1/2-1/2

[Event "Flint (MI Jr/2/10)"]
[Site "?"]
[Date "1996.??.??"]
[Round "?"]
[White "Joyce, R."]
[Black "Baker, T."]
[Result "1/2-1/2"]
[WhiteElo "1605"]
[BlackElo "1605"]
[PlyCount "86"]
[EventDate "1996.??.??"]

{2/(10)} 1. e4 e6 2. d4 d5 3. exd5 exd5 4. Nf3 Nf6 5. h3 h6 6. Be3 Bd6 7. Nc3
c6 8. Bd3 O-O 9. Qd2 Re8 10. O-O Ne4 11. Qc1 Bf5 12. Re1 Nd7 13. Bf4 Qf6 14.
Bxd6 Nxd6 15. Qf4 Bxd3 16. Qxf6 Nxf6 17. cxd3 Kf8 18. Re5 Nd7 19. Rxe8+ Rxe8
20. Re1 Rxe1+ 21. Nxe1 Nf5 22. Nc2 Ke7 23. g4 Nh4 24. f4 Ng6 25. Ne2 Nb6 26.
Kf2 Na4 27. b3 Nb2 28. Ne1 Nd1+ 29. Kf3 Nh4+ 30. Kg3 g5 31. f5 f6 32. Ng1 Nc3
33. a3 Nb5 34. a4 Nxd4 35. b4 a6 36. Kf2 Kd6 37. Ne2 Ke5 38. Ng3 a5 39. bxa5
Nb3 40. Nh5 c5 41. Ng7 Nxa5 42. Ke3 Nb3 43. Ne8 Nc1 1/2-1/2

[Event "Flint (MI Jr/5/19)"]
[Site "?"]
[Date "1996.??.??"]
[Round "?"]
[White "Joyce, K."]
[Black "Taylor, Walt"]
[Result "0-1"]
[WhiteElo "1605"]
[BlackElo "1605"]
[PlyCount "90"]
[EventDate "1996.??.??"]

{5/(19)} 1. e4 e5 2. Nf3 Nc6 3. Bb5 a6 4. Bxc6 dxc6 5. Nxe5 Qd4 6. Nf3 Qxe4+ 7.
Qe2 Qxe2+ 8. Kxe2 Bg4 9. Re1 O-O-O 10. Kf1 Bxf3 11. gxf3 Nf6 12. d3 Bb4 13. Bd2
Bxd2 14. Nxd2 Rhe8 15. Re2 Rxe2 16. Kxe2 Nd5 17. Kf1 Nb4 18. Re1 Nxc2 19. Re7
Rxd3 20. Ne4 Rxf3 21. Ng5 Kd8 22. Rxf7 Rxf7 23. Nxf7+ Ke7 24. Ng5 h6 25. Ne4 b6
26. f4 Ke6 27. Nd2 Kf5 28. Nc4 Kxf4 29. Kf2 b5 30. Na5 c5 31. Ke2 Ke4 32. Kd2
Nd4 33. Nc6 Nxc6 34. Kc3 Kd5 35. h4 g5 36. hxg5 hxg5 37. Kb3 g4 38. Ka3 g3 39.
Kb3 g2 40. Ka3 g1=Q 41. Kb3 Nd4+ 42. Kc3 b4+ 43. Kd3 c4+ 44. Kd2 Qf2+ 45. Kc1
Qc2# 0-1

[Event "Flint (MI Jr/1/9)"]
[Site "?"]
[Date "1996.??.??"]
[Round "?"]
[White "Joyce, K."]
[Black "Gentry, Bronson"]
[Result "0-1"]
[WhiteElo "1605"]
[BlackElo "1605"]
[PlyCount "78"]
[EventDate "1996.??.??"]

{1/(9)} 1. e4 c5 2. Nf3 Nc6 3. Bb5 a6 4. Bxc6 bxc6 5. d3 d5 6. Nc3 Bg4 7. O-O
Nf6 8. e5 Nd7 9. h3 Bxf3 10. Qxf3 Nxe5 11. Qf4 Ng6 12. Qa4 Qd7 13. Be3 d4 14.
Bxd4 cxd4 15. Ne4 e5 16. Rad1 Be7 17. Rfe1 O-O 18. Qc4 Qd5 19. Qxd5 cxd5 20.
Ng3 f5 21. c4 dxc4 22. dxc4 Rad8 23. Rd3 Bb4 24. Red1 Nf4 25. a3 Nxd3 26. Rxd3
e4 27. Rb3 d3 28. Rxb4 d2 29. Rb6 d1=Q+ 30. Kh2 Rd2 31. Nh1 f4 32. c5 h5 33.
Rd6 f3 34. Rxd2 Qxd2 35. b4 fxg2 36. Kxg2 Rxf2+ 37. Nxf2 e3 38. c6 Qxf2+ 39.
Kh1 e2 0-1

[Event "Flint (MI Jr/2/19)"]
[Site "?"]
[Date "1996.??.??"]
[Round "?"]
[White "Jones, J."]
[Black "Taylor, Walt"]
[Result "0-1"]
[WhiteElo "1605"]
[BlackElo "1605"]
[PlyCount "75"]
[EventDate "1996.??.??"]

{2/(19)} 1. e4 e5 2. Bc4 Nf6 3. d3 d5 4. Nc3 dxc4 5. dxc4 Qxd1+ 6. Nxd1 Nxe4 7.
Nf3 Nc6 8. O-O Bg4 9. Nh4 Be7 10. f3 Bxh4 11. fxg4 Bg5 12. Bxg5 Nxg5 13. Ne3
O-O 14. h4 Ne6 15. Rfd1 Rad8 16. Nf5 Ned4 17. Nxd4 Nxd4 18. Rd2 Nf3+ 19. Kf2
Nxd2 20. b3 Ne4+ 21. Kf3 Nc5 22. Re1 e4+ 23. Kg3 Rfe8 24. b4 Na4 25. g5 e3 26.
Kf3 e2 27. g4 Nc3 28. g6 hxg6 29. h5 gxh5 30. gxh5 Rd1 31. Kf2 Rxe1 32. Kxe1
Rd8 33. h6 gxh6 34. a3 Rd1+ 35. Kf2 e1=Q+ 36. Kf3 Qe2+ 37. Kf4 Rf1+ 38. Kg3 0-1

[Event "Eastpointe (EDO/1/21)"]
[Site "?"]
[Date "1996.??.??"]
[Round "?"]
[White "Jointer, William"]
[Black "White, A."]
[Result "1-0"]
[WhiteElo "1710"]
[BlackElo "1605"]
[PlyCount "155"]
[EventDate "1996.??.??"]

{1/(21)} 1. e4 e5 2. Nf3 Nc6 3. Bc4 Nf6 4. Ng5 d5 5. exd5 Na5 6. Bb5+ c6 7.
dxc6 bxc6 8. Qf3 Bd7 9. Ba4 h6 10. Ne4 Nxe4 11. Qxe4 Qf6 12. Nc3 Bc5 13. O-O
O-O 14. a3 Bb6 15. b4 Nb7 16. Bb3 Nd6 17. Qe2 Qg6 18. Re1 Rfe8 19. Nd1 Bg4 20.
Qd3 Qf6 21. Qg3 Bxd1 22. Rxd1 Ne4 23. Qf3 Nxf2 24. Rf1 Nd3+ 25. Kh1 Nf4 26. Bb2
Rad8 27. Rad1 Qg6 28. g3 Nd5 29. c4 e4 30. Qg2 Nf6 31. c5 Bc7 32. Rf2 e3 33.
dxe3 Rxd1+ 34. Bxd1 Qb1 35. Qf3 Re6 36. Kg2 Qe4 37. Bb3 Re7 38. Bd4 Be5 39. Kh3
Bxd4 40. exd4 Qxd4 41. Qf5 Re8 42. Kg2 Qc3 43. Rf3 Re2+ 44. Kh3 Qd2 45. Qc8+
Re8 46. Qxc6 Re2 47. Qc8+ Re8 48. Qc7 Re2 49. Qxf7+ Kh8 50. Rxf6 Rxh2+ 51. Kg4
Qe2+ 52. Rf3 Qe4+ 53. Rf4 Qe2+ 54. Rf3 Qe4+ 55. Rf4 Qe2+ 56. Kf5 Qd3+ 57. Ke5
Re2+ 58. Re4 Rxe4+ 59. Kf5 Re3+ 60. Kg4 Rxg3+ 61. Kh4 Rh3+ 62. Kg4 Qg3+ 63. Kf5
Qf3+ 64. Ke5 Rh5+ 65. Kd6 Qg3+ 66. Kc6 Qg2+ 67. Kb5 a6+ 68. Kb6 Kh7 69. Qxh5
Qg6+ 70. Qxg6+ Kxg6 71. c6 h5 72. c7 h4 73. c8=Q Kg5 74. Be6 Kf4 75. Kxa6 g5
76. b5 g4 77. Bxg4 h3 78. Qf5+ 1-0

[Event "Lansing (MOR/5/22)"]
[Site "?"]
[Date "1996.??.??"]
[Round "?"]
[White "Jointer, William"]
[Black "Sobh, Tarek"]
[Result "1-0"]
[WhiteElo "1710"]
[BlackElo "1605"]
[PlyCount "59"]
[EventDate "1996.??.??"]

{5/(22)} 1. d4 d5 2. e4 dxe4 3. Nc3 Bf5 4. f3 exf3 5. Nxf3 e6 6. Bg5 Be7 7. Qd2
Nf6 8. O-O-O c6 9. Bd3 Bg4 10. Rhf1 Nd5 11. h4 h6 12. Nxd5 cxd5 13. Bf4 Bxf3
14. Rxf3 Bxh4 15. Bxb8 Rxb8 16. Bb5+ Ke7 17. Qb4+ Qd6 18. Rxf7+ Kxf7 19. Qxd6
Rhd8 20. Qc7+ Kg8 21. Rf1 Bf6 22. Bd3 Rf8 23. c3 a6 24. Qg3 Rbe8 25. Qg6 Rc8
26. a3 Rb8 27. g4 Rf7 28. Qh7+ Kf8 29. Qh8+ Ke7 30. Qxb8 1-0

[Event "Lansing (MOR/1b/6)"]
[Site "?"]
[Date "1996.??.??"]
[Round "?"]
[White "Jointer, William"]
[Black "Raupp, Christine"]
[Result "1-0"]
[WhiteElo "1710"]
[BlackElo "1605"]
[PlyCount "63"]
[EventDate "1996.??.??"]

1. d4 e6 2. e4 d5 3. e5 c5 4. c3 Nc6 5. Nf3 Qb6 6. Bd3 Bd7 7. O-O cxd4 8. cxd4
Nxd4 9. Nxd4 Qxd4 10. Nc3 Qxe5 11. Re1 Qd6 12. Nb5 Qb6 13. Be3 Bc5 14. Bxc5
Qxc5 15. Rc1 Qb6 16. Nc7+ Ke7 17. Nxd5+ Kf8 18. Nxb6 axb6 19. Rc7 Bc6 20. Bc4
Nf6 21. Qd6+ Kg8 22. Qe7 Be8 23. Bxe6 h6 24. Bxf7+ Kh7 25. Bb3 Nh5 26. g4 Kg6
27. Re6+ Kh7 28. gxh5 Rg8 29. Bc2+ Bg6 30. Bxg6+ Kh8 31. Bc2 Rad8 32. Rxh6+ 1-0

[Event "Detroit (Class B/4/4)"]
[Site "?"]
[Date "1996.??.??"]
[Round "?"]
[White "Jointer, William"]
[Black "Nicolli, Randy"]
[Result "0-1"]
[WhiteElo "1700"]
[BlackElo "1755"]
[PlyCount "64"]
[EventDate "1996.??.??"]

{4/(4)} 1. d4 f5 2. e4 fxe4 3. Qh5+ g6 4. Qe5 Nf6 5. f3 Nc6 6. Qg5 Nxd4 7. Qd2
e5 8. c3 Nc6 9. Bc4 d5 10. Bb3 Bg7 11. fxe4 Be6 12. exd5 Nxd5 13. Nf3 e4 14.
Ng5 e3 15. Qe2 Qxg5 16. Bxd5 Qxd5 17. O-O O-O-O 18. Bxe3 Bf5 19. Nd2 Rde8 20.
Qf2 Rhf8 21. Nf3 Ne5 22. Qg3 Nxf3+ 23. gxf3 Rxe3 24. Rad1 Qc5 25. Qf2 Rfe8 26.
Kh1 Qe5 27. f4 Qe4+ 28. Kg1 Bh3 29. Qd2 Re2 30. Qd5 Rg2+ 31. Kh1 Qe2 32. Rf3
Rxh2+ 0-1

[Event "Eastpointe (EDO/3/13)"]
[Site "?"]
[Date "1996.??.??"]
[Round "?"]
[White "Jointer, William"]
[Black "McNair, Shawn"]
[Result "1-0"]
[WhiteElo "1710"]
[BlackElo "1605"]
[PlyCount "33"]
[EventDate "1996.??.??"]

{3/(13)} 1. d4 d5 2. e4 c6 3. Nc3 e6 4. Bd3 Bb4 5. Qg4 g6 6. e5 Qa5 7. Bd2 Nd7
8. f4 c5 9. Nf3 cxd4 10. Ne2 Nh6 11. Qg3 Nf5 12. Qf2 O-O 13. O-O Nb6 14. g4 Ne7
15. Qh4 Re8 16. Qh6 Na4 17. Ng5 1-0

[Event "Detroit (Class B/2/6)"]
[Site "?"]
[Date "1996.??.??"]
[Round "?"]
[White "Jointer, William"]
[Black "Hayes, P."]
[Result "1-0"]
[WhiteElo "1700"]
[BlackElo "1635"]
[PlyCount "39"]
[EventDate "1996.??.??"]

{2/(6)} 1. d4 d5 2. e4 dxe4 3. Nc3 Bf5 4. f3 exf3 5. Nxf3 e6 6. Bb5+ c6 7. Bd3
Bg4 8. O-O Bxf3 9. Qxf3 Qxd4+ 10. Be3 Qf6 11. Qg3 Qe7 12. Rad1 Nf6 13. Bg5 Nbd7
14. Ne4 Nxe4 15. Bxe4 Qc5+ 16. Be3 Qe5 17. Qf3 Nf6 18. Bxc6+ Ke7 19. Bd4 Qg5
20. Bxf6+ 1-0

[Event "Flint (MI Senior/3/6)"]
[Site "?"]
[Date "1996.??.??"]
[Round "?"]
[White "Jointer, William"]
[Black "Griffin, John"]
[Result "1-0"]
[WhiteElo "1705"]
[BlackElo "1605"]
[PlyCount "43"]
[EventDate "1996.??.??"]

{3/(6)} 1. d4 Nf6 2. Nc3 d5 3. e4 dxe4 4. f3 exf3 5. Nxf3 g6 6. Bc4 e6 7. O-O
Bg7 8. Qe1 O-O 9. Qh4 Nbd7 10. Bg5 Qe8 11. Ne5 Nxe5 12. dxe5 Nd7 13. Ne4 Bxe5
14. Rf6 Bd4+ 15. Kh1 h5 16. Rd1 Nxf6 17. Nxf6+ Bxf6 18. Bxf6 Bd7 19. Qg5 Kh7
20. Bd3 Bc6 21. Qxh5+ Kg8 22. Qh8# 1-0

[Event "Flint (MI Senior/1/1)"]
[Site "?"]
[Date "1996.??.??"]
[Round "?"]
[White "Jointer, William"]
[Black "Ciaffone, Bob"]
[Result "0-1"]
[WhiteElo "1705"]
[BlackElo "2200"]
[PlyCount "29"]
[EventDate "1996.??.??"]

{1/(1)} 1. e4 c5 2. Nf3 Nc6 3. d4 cxd4 4. Nxd4 Qb6 5. Nb3 Nf6 6. Nc3 e6 7. Be3
Qc7 8. Qd2 a6 9. h3 b5 10. O-O-O b4 11. Na4 Nxe4 12. Qd3 Nf6 13. g4 Be7 14. Nb6
Rb8 15. g5 {[Remainder illegible; 0-1, 51?]} 0-1

[Event "Eastpointe (EDO/5/8)"]
[Site "?"]
[Date "1996.??.??"]
[Round "?"]
[White "Jointer, William"]
[Black "Chehayeb, Sal"]
[Result "0-1"]
[WhiteElo "1710"]
[BlackElo "2030"]
[PlyCount "117"]
[EventDate "1996.??.??"]

{5/(8)} 1. d4 Nf6 2. Nc3 g6 3. e4 Bg7 4. f4 c5 5. Nf3 cxd4 6. Nxd4 Nc6 7. Be3
d6 8. Bc4 Ng4 9. Bg1 O-O 10. h3 Nf6 11. Qd2 Bd7 12. O-O-O Rc8 13. Bb3 b5 14.
Nxc6 Bxc6 15. e5 dxe5 16. fxe5 Qxd2+ 17. Rxd2 Nh5 18. Be3 Bxe5 19. Rg1 Ng3 20.
Bh6 Rfd8 21. Rgd1 Rxd2 22. Rxd2 e6 23. Nd1 Nf5 24. Re2 Nxh6 25. Rxe5 Bxg2 26.
Rxe6 Bxh3 27. Re7 a5 28. a3 a4 29. Ba2 Bf5 30. Ne3 Rc5 31. Kd2 g5 32. c3 g4 33.
Bd5 Bg6 34. Bg2 Rh5 35. Ke1 g3 36. Rb7 Re5 37. Kd2 Nf5 38. Ng4 Rc5 39. Nf6+ Kg7
40. Nd7 Rc8 41. Rxb5 Nh4 42. Bh3 g2 43. Rg5 Nf3+ 44. Ke3 Nxg5 45. Bxg2 f5 46.
Nb6 Re8+ 47. Kd2 f4 48. Nxa4 f3 49. Bf1 Rf8 50. Nc5 Ne4+ 51. Nxe4 Bxe4 52. b4
Ra8 53. Ke3 Bb7 54. c4 Rxa3+ 55. Kd4 f2 56. b5 Ra1 57. Bh3 f1=Q 58. Bxf1 Rxf1
59. c5 0-1

[Event "Lansing (MOR/3/19)"]
[Site "?"]
[Date "1996.??.??"]
[Round "?"]
[White "Jointer, William"]
[Black "Carpenter, O."]
[Result "1-0"]
[WhiteElo "1710"]
[BlackElo "1605"]
[PlyCount "53"]
[EventDate "1996.??.??"]

{3/(19)} 1. d4 Nf6 2. f3 g6 3. e4 d6 4. Nc3 a6 5. Be3 Bg7 6. Qd2 Nbd7 7. Bc4 e5
8. g4 b5 9. Bb3 c6 10. h4 h5 11. Bg5 Qb6 12. dxe5 dxe5 13. O-O-O Nc5 14. gxh5
Nxh5 15. Bd8 Bh6 16. Qxh6 Rxh6 17. Bxb6 Nd7 18. Be3 Nf4 19. Nh3 Rxh4 20. Nxf4
Rxh1 21. Rxh1 exf4 22. Bxf4 Nc5 23. Rh8+ Kd7 24. Bxf7 Ke7 25. Bxg6 Bb7 26. Rh7+
Kf6 27. Bf5 1-0

[Event "Detroit (Class B/5/8)"]
[Site "?"]
[Date "1996.??.??"]
[Round "?"]
[White "Jointer, William"]
[Black "Barta, Roger"]
[Result "0-1"]
[WhiteElo "1700"]
[BlackElo "1675"]
[PlyCount "84"]
[EventDate "1996.??.??"]

{5/(8)} 1. d4 d5 2. e4 e6 3. e5 c5 4. c3 Nc6 5. Nf3 Qb6 6. Bd3 cxd4 7. cxd4 Bd7
8. O-O Nxd4 9. Nxd4 Qxd4 10. Nc3 a6 11. Re1 Qb6 12. Na4 Bxa4 13. Qxa4+ Qc6 14.
Qg4 g6 15. Bg5 Be7 16. Rac1 Qd7 17. Be3 Rc8 18. Rxc8+ Qxc8 19. Rc1 Qd8 20. Qa4+
Kf8 21. Rc3 Kg7 22. Qc2 d4 23. Rc8 Qd5 24. Bf4 g5 25. Bd2 Qxe5 26. g3 Nf6 27.
Rxh8 Kxh8 28. Qc8+ Kg7 29. Qxb7 Nd5 30. Bxa6 h5 31. Bd3 h4 32. a4 hxg3 33. hxg3
g4 34. a5 Bg5 35. Bxg5 Qxg5 36. a6 Qc1+ 37. Kg2 Ne3+ 38. Kh2 Qd2 39. Be4 Qxf2+
40. Bg2 Nf1+ 41. Kh1 Nxg3+ 42. Kh2 Ne2 0-1

[Event "Lansing (MOR/7/8)"]
[Site "?"]
[Date "1996.??.??"]
[Round "?"]
[White "Jointer, William"]
[Black "Assem, N."]
[Result "0-1"]
[WhiteElo "1710"]
[BlackElo "1605"]
[PlyCount "44"]
[EventDate "1996.??.??"]

{7/(8)} 1. d4 e5 2. dxe5 Nc6 3. Nf3 Qe7 4. Nc3 Nxe5 5. e4 c6 6. Bf4 d6 7. Be2
Nf6 8. O-O g6 9. Nxe5 dxe5 10. Bg5 Bg7 11. Bc4 O-O 12. Qf3 Qc5 13. Bb3 Nh5 14.
Rad1 Nf4 15. Rd2 Be6 16. Rfd1 h5 17. Na4 Qa5 18. Bxf4 Bg4 19. Qe3 exf4 20. Qxf4
Bxd1 21. Rxd1 Rad8 22. Rxd8 Qe1# 0-1

[Event "Detroit (Class B/1/8)"]
[Site "?"]
[Date "1996.??.??"]
[Round "?"]
[White "Johnston, Rowland"]
[Black "Schilling, P."]
[Result "1-0"]
[WhiteElo "1750"]
[BlackElo "1680"]
[PlyCount "105"]
[EventDate "1996.??.??"]

{1/(8)} 1. Nf3 Nf6 2. d4 d5 3. c4 e6 4. Nc3 Be7 5. Bg5 Nbd7 6. e3 O-O 7. Qc2 c5
8. cxd5 exd5 9. dxc5 Nxc5 10. Rd1 Be6 11. Bxf6 Bxf6 12. Nxd5 Rc8 13. Bc4 Bxd5
14. Rxd5 Qa5+ 15. Ke2 b5 16. Rxc5 Rxc5 17. Bxf7+ Rxf7 18. Qxc5 Qxa2 19. Qxb5
Bxb2 20. Nd2 Bc3 21. Qb8+ Rf8 22. Qb3+ Qxb3 23. Nxb3 a5 24. Rc1 Bb4 25. Ra1 Ra8
26. Kd3 a4 27. f4 a3 28. Ra2 Rc8 29. Rc2 Rxc2 30. Kxc2 Be7 31. e4 g5 32. g3
gxf4 33. gxf4 Kf7 34. Nd4 Bc5 35. Nb5 Be3 36. f5 Kf6 37. Nxa3 Bf4 38. h3 Kg5
39. Nc4 Kh4 40. f6 Kxh3 41. f7 Bh6 42. Ne5 Kg3 43. Nd7 Bg7 44. f8=Q Bxf8 45.
Nxf8 h5 46. Ng6 h4 47. Nxh4 Kxh4 48. Kc3 Kg5 49. Kc4 Kg6 50. Kd5 Kf7 51. Kd6
Ke8 52. Ke6 Kf8 53. Kd7 1-0

[Event "Detroit (Class B/3/3)"]
[Site "?"]
[Date "1996.??.??"]
[Round "?"]
[White "Johnston, Rowland"]
[Black "Jointer, William"]
[Result "1-0"]
[WhiteElo "1750"]
[BlackElo "1700"]
[PlyCount "43"]
[EventDate "1996.??.??"]

{3/(3)} 1. Nf3 c5 2. e3 Nc6 3. Bb5 g6 4. c3 Bg7 5. d4 cxd4 6. exd4 a6 7. Bd3
Nf6 8. O-O O-O 9. Re1 d5 10. Nbd2 Re8 11. Ne5 Qc7 12. Ndf3 Ng4 13. Nxc6 bxc6
14. h3 Nf6 15. Ne5 Nh5 16. Qf3 f6 17. Nxg6 e5 18. Nxe5 fxe5 19. Qxh5 Rf8 20.
Qxh7+ Kf7 21. Rxe5 Rh8 22. Qg6+ 1-0

[Event "Cadillac Open/3/15"]
[Site "?"]
[Date "1996.??.??"]
[Round "?"]
[White "Johnston, Rowland"]
[Black "Evans Sr., Thomas"]
[Result "1-0"]
[WhiteElo "1780"]
[BlackElo "1605"]
[PlyCount "101"]
[EventDate "1996.??.??"]

{3/15} 1. Nf3 e6 2. d4 d5 3. c4 Nf6 4. Bg5 Be7 5. Nc3 Nc6 6. e3 O-O 7. Rc1 a6
8. Bd3 Re8 9. O-O dxc4 10. Bxc4 Bd6 11. Ne4 Be7 12. Ng3 h6 13. Bf4 Bd6 14. Be5
Bxe5 15. Nxe5 Nxe5 16. dxe5 Qxd1 17. Rfxd1 Ng4 18. Be2 Nxe5 19. Rxc7 Nc6 20.
Ne4 Rd8 21. Rxd8+ Nxd8 22. Nd6 Nc6 23. Rxc8+ Rxc8 24. Nxc8 Nb4 25. a3 Nd5 26.
Bf3 Kf8 27. Bxd5 exd5 28. Nb6 Ke7 29. Nxd5+ Kd6 30. Nf4 Kc5 31. Kf1 Kc4 32. Ke2
Kb3 33. Nd3 Kc2 34. e4 b5 35. f4 g6 36. g4 a5 37. g5 hxg5 38. fxg5 Kb3 39. Kd2
Kc4 40. Ne5+ Kd4 41. Nc6+ Kxe4 42. Nxa5 Kf5 43. h4 Kg4 44. Ke3 Kxh4 45. Kf4 f6
46. gxf6 g5+ 47. Ke5 g4 48. f7 g3 49. f8=Q g2 50. Qh8+ Kg3 51. Qg8+ {
[Remainder illegible; 1-0, 69?]} 1-0

[Event "Cadillac Open/4/11"]
[Site "?"]
[Date "1996.??.??"]
[Round "?"]
[White "Johnston, Rowland"]
[Black "Evans Sr., Thomas"]
[Result "1-0"]
[WhiteElo "1780"]
[BlackElo "1890"]
[PlyCount "105"]
[EventDate "1996.??.??"]

{4/11} 1. Nf3 e6 2. g3 d5 3. Bg2 c5 4. O-O Nc6 5. d3 Nf6 6. Nbd2 Bd6 7. e4 O-O
8. Re1 Qc7 9. Qe2 dxe4 10. dxe4 e5 11. c3 Bg4 12. h3 Bd7 13. Nc4 Be7 14. Nh4
Qc8 15. Kh2 Ne8 16. Nf5 Bxf5 17. exf5 f6 18. Qd3 Qc7 19. Bd5+ Kh8 20. Qe4 Rc8
21. a4 a6 22. a5 Nd6 23. Nxd6 Bxd6 24. Rd1 Nxa5 25. Be3 c4 26. Rxa5 Qxa5 27.
Bxb7 Rcd8 28. Qc6 Qb5 29. Rxd6 Qxb2 30. Rxd8 Rxd8 31. Qc7 Rg8 32. Bd5 Qb8 33.
Qxc4 Rc8 34. Qb4 Qc7 35. c4 a5 36. Qa3 g6 37. fxg6 hxg6 38. Kg2 f5 39. Bd2 f4
40. Qxa5 Qd6 41. gxf4 Kh7 42. fxe5 Qe7 43. Be3 Kh8 44. e6 Qg7 45. Qa7 Rc7 46.
Qd4 Kh7 47. Qxg7+ Kxg7 48. Bg5 Kf8 49. Kf3 Ra7 50. e7+ Ke8 51. Bc6+ Rd7 52.
Bxd7+ Kxd7 53. Ke4 1-0

[Event "Detroit (Class B/5/1)"]
[Site "?"]
[Date "1996.??.??"]
[Round "?"]
[White "Johnston, Rowland"]
[Black "Carr, Jay"]
[Result "1-0"]
[WhiteElo "1750"]
[BlackElo "1735"]
[PlyCount "65"]
[EventDate "1996.??.??"]

{5/(1)} 1. Nf3 Nf6 2. d4 d5 3. c4 c6 4. Bg5 dxc4 5. Bxf6 exf6 6. Qc2 Be6 7. e4
Bb4+ 8. Nc3 b5 9. O-O-O Bxc3 10. Qxc3 O-O 11. Nh4 Na6 12. a3 Nc7 13. Qa5 Ne8
14. Qxd8 Rxd8 15. f3 Nc7 16. f4 g5 17. Nf3 h6 18. f5 Bc8 19. g4 Rfe8 20. Bg2
Rxe4 21. Ne5 Rexd4 22. Nxc6 Rxd1+ 23. Rxd1 Rxd1+ 24. Kxd1 Kf8 25. Nxa7 Bd7 26.
Kc2 Ke7 27. Kc3 Kd6 28. Kb4 Na6+ 29. Ka5 Nc7 30. Kb6 Nd5+ 31. Bxd5 Kxd5 32.
Nxb5 Bc8 33. a4 1-0

[Event "Ann Arbor (Month Long Swiss/3/4)"]
[Site "?"]
[Date "1996.??.??"]
[Round "?"]
[White "Johnson, C."]
[Black "Solon, Nathan"]
[Result "0-1"]
[WhiteElo "1605"]
[BlackElo "1605"]
[PlyCount "96"]
[EventDate "1996.??.??"]

{3/(4)} 1. e4 g6 2. Nf3 Bg7 3. Nc3 c5 4. Bc4 Nc6 5. Ne2 d6 6. d4 cxd4 7. Nexd4
Nf6 8. Ng5 Ne5 9. Bb3 h6 10. f4 hxg5 11. fxe5 dxe5 12. Ba4+ Bd7 13. Nb5 a6 14.
Nc3 Bxa4 15. Nxa4 Qxd1+ 16. Kxd1 Nxe4 17. Be3 g4 18. Bb6 Nd6 19. c3 g3 20. h3
Nc4 21. Kc2 Rc8 22. Rad1 Nxb6 23. Nxb6 Rc6 24. Nd7 Rd6 25. Nb8 Kd8 26. Rd2
Rxd2+ 27. Kxd2 Kc7 28. Nxa6+ bxa6 29. a4 f5 30. b4 Rb8 31. Rb1 Kc6 32. c4 a5
33. Kd3 e4+ 34. Ke3 Rxb4 35. Rxb4 axb4 36. a5 b3 37. a6 Kb6 38. Kf4 b2 39. Kg5
b1=Q 40. h4 Qb2 41. c5+ Kxa6 42. c6 Qf6+ 43. Kf4 Qxh4+ 44. Ke3 Qg5+ 45. Ke2 Qf4
46. c7 Qf2+ 47. Kd1 Kb7 48. Kc1 Bc3 0-1

[Event "Kalamazoo (MI Am/2/5)"]
[Site "?"]
[Date "1996.??.??"]
[Round "?"]
[White "Jensen, M."]
[Black "Williams, Ken"]
[Result "1/2-1/2"]
[WhiteElo "1625"]
[BlackElo "1900"]
[PlyCount "55"]
[EventDate "1996.??.??"]

{2/(5)} 1. e4 c5 2. Nf3 Nc6 3. d4 cxd4 4. Nxd4 g6 5. Nc3 Bg7 6. Be3 Nf6 7. Be2
O-O 8. O-O d5 9. exd5 Nb4 10. d6 Qxd6 11. Bf3 Nfd5 12. Nxd5 Nxd5 13. Nb5 Nxe3
14. Nxd6 Nxd1 15. Nxc8 Raxc8 16. Bxd1 b6 17. c3 Rfd8 18. Bb3 Rd2 19. Rab1 Rcd8
20. Rbd1 e6 21. Rxd2 Rxd2 22. Rb1 Bf8 23. f3 Bc5+ 24. Kh1 Kg7 25. Bc4 Bd6 26.
Bb3 Bc5 27. Bc4 Bd6 28. Bb3 1/2-1/2